| 000 | 00445nam a2200157Ia 4500 | ||
|---|---|---|---|
| 005 | 20260122095402.0 | ||
| 008 | 260121s9999||||xx |||||||||||||| ||und|| | ||
| 020 | _a9789387488519 | ||
| 082 |
_a934 _bDUT |
||
| 100 | _aDutt, Romesh Chunder | ||
| 245 | 0 |
_aAncient India : _b2000 BC - 800 AD / _cRomesh Chunder Dutt |
|
| 260 |
_aChennai : _bMaven Books, _c2023. |
||
| 300 | _a196 p.; pbk | ||
| 650 | _aIndia - History - Ancient period | ||
| 942 | _cTB | ||
| 999 |
_c38580 _d38580 |
||